Detalles MARC
| 000 -CABECERA |
| Longitud fija campo de control |
01668nam a2200445 c 4500 |
| 001 - NÚMERO DE CONTROL |
| Número de control |
10787 |
| 003 - IDENTIFICADOR DE NÚMERO DE CONTROL |
| Identificador del número de control |
ES-MaCES |
| 005 - FECHA Y HORA DE LA ÚLTIMA TRANSACCIÓN |
| Fecha y hora de la última transacción |
20180131142513.0 |
| 008 - CAMPO FIJO DE DESCRIPCIÓN FIJA--INFORMACIÓN GENERAL |
| Códigos de información de longitud fija |
000711s1999 sz t i000 | eng d |
| 020 ## - ISBN (INTERNATIONAL STANDARD BOOK NUMBER) |
| Número Internacional Normalizado para Libros (ISBN) |
9221108627 |
| 035 ## - NÚMERO DE CONTROL DEL SISTEMA |
| Número de control del sistema |
CES20000008772m |
| 040 ## - FUENTE DE CATALOGACIÓN |
| Centro catalogador de origen |
ES-MaCES |
| Lengua de catalogación |
spa |
| Centro transcriptor |
ES-MaCES |
| 245 00 - MENCIÓN DE TÍTULO |
| Título |
Modelling in health care finance |
| Resto del título |
: a compendium of quantitative techniques for health care financing |
| Mención de responsabilidad, etc. |
Michael Cichon ; a joint technical publication of the International Labour Office (ILO) and the International Social Security Association (ISSA) |
| 250 ## - MENCIÓN DE EDICIÓN |
| Mención de edición |
1st ed |
| 260 ## - PUBLICACIÓN, DISTRIBUCIÓN, ETC (PIE DE IMPRENTA) |
| Lugar de publicación, distribución, etc. |
Geneva |
| Nombre del editor, distribuidor, etc. |
ILO |
| Fecha de publicación, distribución, etc. |
1999 |
| 300 ## - DESCRIPCIÓN FÍSICA |
| Extensión |
XIX, 376 p. |
| Dimensiones |
25 cm |
| 490 1# - MENCIÓN DE SERIE |
| Mención de serie |
Quantitative methods in social protection series |
| 500 ## - NOTA GENERAL |
| Nota general |
Índices |
| 504 ## - NOTA DE BIBLIOGRAFÍA, ETC. |
| Nota de bibliografía, etc. |
Bibliografía: p. 358-365 |
| 541 ## - NOTA DE LA FUENTE INMEDIANTE DE ADQUISICIÓN |
| Forma de adquisición |
Compra |
| 650 #4 - ASIENTO SECUNDARIO DE MATERIA--TÉRMINO DE MATERIA |
| Término de materia o nombre geográfico como elemento inicial |
asistencia médica |
| 9 (RLIN) |
30272 |
| 650 #4 - ASIENTO SECUNDARIO DE MATERIA--TÉRMINO DE MATERIA |
| Término de materia o nombre geográfico como elemento inicial |
política sanitaria |
| 9 (RLIN) |
29366 |
| 650 #4 - ASIENTO SECUNDARIO DE MATERIA--TÉRMINO DE MATERIA |
| Término de materia o nombre geográfico como elemento inicial |
seguro de enfermedad |
| 9 (RLIN) |
27039 |
| 650 #4 - ASIENTO SECUNDARIO DE MATERIA--TÉRMINO DE MATERIA |
| Término de materia o nombre geográfico como elemento inicial |
financiación de la seguridad social |
| 9 (RLIN) |
30265 |
| 650 #4 - ASIENTO SECUNDARIO DE MATERIA--TÉRMINO DE MATERIA |
| Término de materia o nombre geográfico como elemento inicial |
administración de la seguridad social |
| 9 (RLIN) |
30264 |
| 650 #4 - ASIENTO SECUNDARIO DE MATERIA--TÉRMINO DE MATERIA |
| Término de materia o nombre geográfico como elemento inicial |
toma de decisiones |
| 9 (RLIN) |
28194 |
| 650 #4 - ASIENTO SECUNDARIO DE MATERIA--TÉRMINO DE MATERIA |
| Término de materia o nombre geográfico como elemento inicial |
análisis de costes y beneficios |
| 9 (RLIN) |
28281 |
| 650 #4 - ASIENTO SECUNDARIO DE MATERIA--TÉRMINO DE MATERIA |
| Término de materia o nombre geográfico como elemento inicial |
modelo económico |
| 9 (RLIN) |
27074 |
| 650 #4 - ASIENTO SECUNDARIO DE MATERIA--TÉRMINO DE MATERIA |
| Término de materia o nombre geográfico como elemento inicial |
simulación |
| 9 (RLIN) |
28888 |
| 650 #4 - ASIENTO SECUNDARIO DE MATERIA--TÉRMINO DE MATERIA |
| Término de materia o nombre geográfico como elemento inicial |
técnica de predicción |
| 9 (RLIN) |
28900 |
| 650 #4 - ASIENTO SECUNDARIO DE MATERIA--TÉRMINO DE MATERIA |
| Término de materia o nombre geográfico como elemento inicial |
pub OIT |
| 9 (RLIN) |
29033 |
| 653 10 - TÉRMINO DE INDEXACIÓN--NO CONTROLADO |
| Término no controlado |
Salud |
| 700 1# - ENCABEZAMIENTO SECUNDARIO--NOMBRE PERSONAL |
| Nombre de persona |
Cichon, Michael |
| 9 (RLIN) |
9645 |
| 710 2# - ENCABEZAMIENTO SECUNDARIO--NOMBRE CORPORATIVO |
| Nombre de entidad o nombre de jurisdicción como elemento inicial |
Asociación Internacional de la Seguridad Social |
| 9 (RLIN) |
1488 |
| 710 2# - ENCABEZAMIENTO SECUNDARIO--NOMBRE CORPORATIVO |
| 9 (RLIN) |
4718 |
| Nombre de entidad o nombre de jurisdicción como elemento inicial |
Organización Internacional del Trabajo |
| 830 #0 - ENCABEZAMIENTO SECUNDARIO DE COLECCIÓN--TÍTULO UNIFORME |
| Título uniforme |
Quantitative methods in social protection series |
| 9 (RLIN) |
33481 |
| 902 ## - CES. TIPO DE DOCUMENTO |
| Tipodoc (006$c Sirtex) |
LIB Libro |
| 942 ## - ELEMENTOS KOHA |
| Fuente de clasificaión o esquema |
Clasificación propia del CES |
| Koha [por defecto] tipo de item |
Monografías |
| Parte de clasificación |
3.1. |